000 01287nam a22003131u 4500
001 04744
003 HDC
007 cr bn ---aaaaa
008 210117p2012 fo d 00 engg
040 _aHDC
100 _aAhmad Hidayat Buang
_eauthor
_9240
245 4 _aThe Issues and Challenges of Halal Certification Bodies in Malaysia / by
_cAhmad Hidayat Buang and Zulzaidi Mahmod
260 _a[no place] :
_b [publisher not identified] ,
_c2012
300 _a 1 online resource (18 pages)
336 _atext
_2rdacontent
337 _acomputer
_2rdamedia
338 _aonline resource
_2rdacarrier
650 _aFood industry and trade
_zMalaysia
_9172
650 _afood regulation
_94949
650 _ahalal certification
_9753
650 _aHalal food industry
_xCertification
_zMalaysia
_998
650 _aHalal food
_950
650 _aMuslims
_xDietary laws
_9815
856 _zRequest full-text at [email protected]
856 _zRequest full-text at [email protected]
942 _2lcc
942 _cAR
942 _kJART 001207
999 _c2069
_d2069